Common Words in US Cities Quiz Stats

Quiz Updated Nov 2, 2016

Challenge
Share
Tweet
Embed
Score 0/50 Timer 10:00
2 Plays Today
Times Word % Correct
597City
85.4%
280New
85.3%
129La
79.2%
102San
73.1%
208St.
72%
257North
68.6%
217South
68.6%
272West
67.8%
205East
67.6%
597Lake
63.1%
120River
58.8%
141Mount
52.2%
51El
47.5%
204Hill
45.7%
193Beach
43.8%
128Fort
42.7%
105Mountain
40.9%
101Bay
40.7%
84Spring
40.4%
177Village
37.9%
264Valley
37.6%
90Port
37.2%
115Falls
36%
64Green
35.7%
350Park
34.9%
Times Word % Correct
234Creek
30.3%
94Island
29.8%
72White
29.3%
57Forest
28.9%
52Big
28.6%
249Springs
28.4%
187Hills
27.9%
91Rock
26.2%
53Grand
25.4%
97Oak
24.5%
197Heights
19.2%
83Pine
18.4%
146Point
16.9%
52Harbor
16.8%
63View
16.7%
158Grove
15.8%
127Center
15.4%
84Lakes
14.9%
98Ridge
13.7%
59Junction
11.2%
59Pleasant
6.9%
55Mills
6%
73Estates
5.7%
62Acres
5.5%
54Union
5.3%

You're not logged in!

Compare scores with friends on all Sporcle quizzes.
Join for Free
OR
Log In

You Might Also Like...

Show Comments

Extras

Top Quizzes Today


Score Distribution

Your Account Isn't Verified!

In order to create a playlist on Sporcle, you need to verify the email address you used during registration. Go to your Sporcle Settings to finish the process.

Report this User

Report this user for behavior that violates our Community Guidelines.

Details: